000 00315nam a22001337a 4500
008 170927b xxu||||| |||| 00| 0 eng d
020 _a9780675212304
041 _aeng
080 _a37
100 _a47
101 _aEDU
245 _aTEACHING CHILDREN ADOLESCENTS SPECIAL NEEDS
_cOLSON.J
942 _2udc
_cBK
999 _c30237
_d30237